000 00977cam a2200301 i 4500
999 _c200444394
_d62606
003 TR-AnTOB
005 20211018153630.0
007 ta
008 210205s2018 tu tur
020 _a9786053499565
040 _aTR-AnTOB
_beng
_erda
_cTR-AnTOB
041 0 _atur
050 1 4 _aDS461.1
_b.B889 2018
090 _aDS461.1
_b.B889 2018
100 1 _aKuş Büyüktaş, Canan
_d1979-
_eauthor
_9126308
245 1 0 _aKalem, kelam ve kılıç :
_bBabür Şah /
_cCanan Kuş Büyüktaş.
250 _a1. baskı
264 1 _aİstanbul:
_bErdem,
_c2018.
300 _a110 pages ;
_c21 cm
336 _2rdacontent
_atext
_btxt
337 _2rdamedia
_aunmediated
_bn
338 _2rdacarrier
_avolume
_bnc
490 0 _aErdem Kültür Kitapları ;
_v48
_aTarihi insan yazar; kut, inayet ve yönetim
504 _aIncludes bibliographical references.
600 0 _aBabur,
_d1483-1530
_9120325
_cHindistan İmparatoru,
942 _2lcc
_cBK